1979 1320 1390 1409 1195 1903 1020 1289 1456 1685 1839 1407 1917 1215 1139 1654 1551 1298 1578 1565 1780 1207 1873 1958 1676 1750 1398 1640 1962 1956 1032 1218 1584 1525 1224 1935 1558 1804 1640 1760 1403 1829 1667 1115 1325 1729 1681 1941 1464 1426 1556 1692 1504 1545 1257 1458 1815 1461 1756 1109 1648 1438 1786 1594 1845 1938 1381 1515 1124 1027 1365 1041 1772 1661 1079 1609 1609 1056 1427 1644 1670 1673 1210 1936 1248 1717 1447 1794 1260 1748 1225 1067 1405 1228 1775 1103 1452 1496 1964 BCNSPRNW ULIB Ver.6.0+V

เปลี่ยนเป็นภาษาไทย

Change to English
 แสดงรายละเอียดบรรณานุกรม
  กลับหน้าหลัก

Brief Record : Get Marc (ISO 2709) : E-mail record : QR code < ปิดหน้าต่าง
LEADER : 00000nam 2200000uu 4500
001    13399110725
003     ULIB
008    110608s2550||||th 000 0 tha d
020    9749252837
041 1  tha^heng
050  4 HD38.2^bก945ผ 2550
100 1  โกลแมน, แดเนียล
245 10 ผู้นำที่ยิ่งใหญ่--ฉลาดใช้ EQ =^bBest of HBR on leadership: emotionally intelligent leadership /^cโดย Daniel Goleman, Richard Boyatzis, and Annie McKee ; แปลและเรียบเรียงโดย ธนิกานต์ มาฆะศิรานนท์, นรินทร์ องค์อินทรี
246 14 Emotionally intelligent leadership
246 30 ผู้นำที่ยิ่งใหญ่...ฉลาดใช้ EQ =^bBest of HBR on leadership: emotionally intelligent leadership /
246 31 Best of HBR on leadership : emotionally intelligentleadership
250    พิมพ์ครั้งที่ 4
260    กรุงเทพฯ :^bเอ็กซเปอร์เน็ท,^c2550
300    148 หน้า ;^c21 ซม.
440  0 Harvard Business Review
500    ชื่อเรื่องภาษาอังกฤษที่ปก : Emotionally intelligentleadership
650  7 ผู้นำ
650  7 ความฉลาดทางอารมณ์
650  7 การบริหาร
700 0  ธนิกานต์ มาฆะศิรานนท์,^eผู้แปล
700 0  นรินทร์ องค์อินทรี,^eผู้แปล
700 1  โบยาต์ซิส, ริชาร์ด
700 1  แม็กกี, แอนนี
700 1  Goleman, Daniel.^tBest of HBR on leadership : emotionallyintelligent leadership
700 1  Boyatzis, Richard.^tBest of HBR on leadership :emotionally intelligent leadership
700 1  McKee, Annie.^tBest of HBR on leadership : emotionallyintelligent leadership
945    ^p180^l0^i18244
995    กัณชพร
999    ^aใช้งานได้ทุกระบบ
รายการนี้ยังไม่มีแท็ก
คุณยังไม่ได้ล็อกอิน คุณสามารถมีกิจกรรมร่วมกับเว็บไซต์ได้ แต่ต้องล็อกอินก่อน ::
  ล็อกอิน

รายการสื่อสารสนเทศ

ลำดับที่ ประเภท เลขเรียก/บาร์โค้ด สถานที่ สถานะ
- ไม่พบข้อมูล -

รายการใกล้เคียง
    ผู้แต่ง [โกลแมน, แดเนียล]

    หัวเรื่อง [ผู้นำ]
    หัวเรื่อง [ความฉลาดทางอารมณ์]
    หัวเรื่อง [การบริหาร]

BibComment


ยังไม่เคยถูกคอมเมนท์

คอมเมนท์ทรัพยากรรายการนี้
  คอมเมนท์: ผู้นำที่ยิ่งใหญ่ฉ..


 Copyright 2026. Bcnsprnw @Library